Geographical Peninsulas of the World - Statistics

General Stats
  • This quiz has been taken 60 times
  • The average score is 11 of 16
Answer Stats
Picture Answer % Correct
Arabian Peninsula
93%
Horn of Africa
91%
Iberian Peninsula
91%
Korean Peninsula
91%
Scandinavian Peninsula
86%
Balkan Peninsula
84%
Baja California Peninsula
80%
Anatolian peninsula
73%
Kamchatka Peninsula
73%
Labrador Peninsula
64%
Indochina
52%
Alaska Peninsula
48%
Mornington Peninsula
48%
Kola Peninsula
45%
Deccan Peninsula
39%
Antarctic Peninsula
36%
No matching quizzes found
Score Distribution
Percent of People with Each Score
Percentile by Number Answered
Your Score History
You have not taken this quiz